| 000 | 00869nam a2200193 a 4500 | ||
|---|---|---|---|
| 008 | 160426s2007 ||||||||||||||||| || u | ||
| 020 | _a9781861344519 | ||
| 050 | _aJV 733 Sal | ||
| 100 | _aSales, Rosemary | ||
| 245 | 1 | 0 |
_aUnderstanding immigration and refugee policy: contradictions and continuities _cBy Rosemary Sales |
| 260 |
_aBristol: _bThe Policy Press _c2007 |
||
| 300 | _axiv, 282p. | ||
| 350 | _a35.95 | ||
| 650 | _aEMIGRATION AND IMMIGRATION--GOVERNMENT POLICY | ||
| 650 | _aREFUGEES | ||
| 650 | _aEMIGRATION AND IMMIGRATION | ||
| 995 |
_aANNEX COLLECTION (Main Library) _e746259 _FCBU-MAIN LIBRARY (Kitwe) _I35.95 _jJV 733 Sal _M1 _UAVAILABLE _WJun 8, 2016 _y746259 _ZAnnex Low-Usage Collection |
||
| 995 |
_aMAIN LIBRARY OPEN ACCESS _e746415 _FCBU-MAIN LIBRARY (Kitwe) _I35.95 _jJV 733 Sal _M2 _UAVAILABLE _WJun 8, 2016 _y746415 _ZMain Library Open Access Collection |
||
| 999 |
_c78466 _d78466 |
||